00000000nam 2200000zi 4500
0019.869128
003CaOODSP
00520241118091623
006m     o  d f      
007cr |||||||||||
008190301t20192019onc     o    f000 0 eng d
020 |a9780660298290
040 |aCaOODSP|beng|erda|cCaOODSP
043 |an-cn---
0861 |aEn4-94/7-2019E-PDF
24500|aTank tip 7 : |bcontainment of releases at transfer areas.
264 1|a[Ottawa] : |bEnvironment and Climate Change Canada = Environnement et Changement climatique Canada, |c2019.
264 4|c©2019
300 |a1 online resource (2 pages) : |billustrations
336 |atext|btxt|2rdacontent
337 |acomputer|bc|2rdamedia
338 |aonline resource|bcr|2rdacarrier
500 |aIssued also in French under title: Sachez stocker 7 : confinement des rejets aux aires de transfert.
500 |aCaption title.
650 0|aOil storage tanks|xLaw and legislation|zCanada.
650 0|aPetroleum products|xStorage|xLaw and legislation|zCanada.
7101 |aCanada. |bEnvironment and Climate Change Canada.
77508|tSachez stocker 7 : |w(CaOODSP)9.869129
794 |tTank tip 7 : |b(2023)|w(CaOODSP)9.919535
85640|qPDF|s900 KB|uhttps://publications.gc.ca/collections/collection_2019/eccc/en4-94/En4-94-7-2019-eng.pdf